01922 2200289 4500001002100000005001500021035002000036007000300056008004100059020001800100082001000118084001600128100002800144245003500172250000600207300003000213650001000243650001000253520122500263264003701488336002101525337003001546338002301576990001101599990001101610990001101621INLIS00000000002384620260422022057 a0010-0426000043ta260422 d 1 ind  a9786236844946 a808.9 a808.9 FIT k0 aFitria L. K.ePengarang1 aKemuning :bCinta Tanpa Bicara aI avi + 426 halaman ;c21 cm 4aFiksi 4aNovel a"Bagaimana, Mbak, semalam sukses kan?" Citra menanyakan malam yang memalukan itu padaku. Aku hanya sesenggukan di hadapannya. Sudah kesekian kalinya penolakan itu terjadi. Bahkan Citra demi diriku berupaya agar kakaknya bersedia menunaikan kewajiban sebagai suami. Aku mengingat malam-malam sebelumnya. Mas Arya masih bersikap dingin padaku. Seharusnya kami mereguk kenikmatan sebagai sepasang pengantin baru di malam penuh cinta. Namun, hanya sebait kata yang memilukan menghujam ulu hatiku. "Ning, maafkan aku. Aku belum siap untuk memetik ranum cintamu. Terlalu dini aku bisa menerimamu sebagai istriku." Dia menghempaskan diriku terlalu curam hingga batin ini hanya bisa menjerit tak berdaya. Kemuning., gadis dusun yang terperangkap pernikahan terpaksa dengan dokter muda dan tampan. Kehidupan berubah saat dirinya diboyong ke kota. Namun, kebahagiaan belum berpihak, sang suami masih bersikap dingin bahkan belum menyentuhnya. Mengapa dokter muda itu bersedia menikahinya tetapi juga tidak menyentuh dan menerima cinta tulus Kemuning? Rahasia apa yang masih disimpan rapat dokter tampan itu dan bagaimana akhir kisah cinta mereka? Temukan jawabannya dalam novel yang terlukis indah dalam setiap kata-katanya. aYogyakarta :bANDI OFFSET,c2023 2rdacontentaTeks 2rdamediaaTanpa Perantara 2rdacarrieraLembar a078223 a078224 a078225